| 000 | 00617nam a22002057a 4500 | ||
|---|---|---|---|
| 005 | 20150623111717.0 | ||
| 010 | _aENG-112859 | ||
| 020 |
_c595.00 _a9789350353882 |
||
| 035 | _aEN-96391 | ||
| 037 | _bDBAD/PUB | ||
| 082 | _a349.54 | ||
| 100 | _aWadehra, B.L. | ||
| 245 |
_aPublic interest litigation with model PIL formats / _cby B.L.Wadehra |
||
| 250 | _a4th ed | ||
| 260 |
_aNew Delhi _bUniversal Law Publishing _c2014 |
||
| 270 |
_aA-58, G.T. Karnal Road Industrial Area, _bDelhi _e110033 |
||
| 300 |
_axlvi,455p. _c24cm(pbk) |
||
| 500 | _aIncludes index | ||
| 942 |
_2ddc _cEN _mWAD _h349.54 |
||
| 999 |
_c93306 _d93306 |
||